Estatísticas para Cultura Geral

Clique aqui para jogar o quiz

Estatísticas Gerais

  • Esse quiz foi jogado 17 vezes
  • A pontuação média é 8 de 15

Estatísticas das Respostas

HintResposta% Correto
Que criatura mítica é mostrada na bandeira do País de Gales?Dragão
88%
Qual era o nome da fada em "Peter Pan"?Sininho
88%
Que nome se dá á fobia de aranhas?Aracnofobia
81%
Qual é a língua oficial do Botswana?Inglês
81%
Qual é a universidade mais antiga da Inglaterra?Oxford
81%
Qual é a Grande linha de latitude que divide o Gabão a meio?Equador
63%
De que país é independente a Lituânia?União Soviética
63%
Qual é a capital da Macedónia?Escópia
50%
Qual é o único país que faz fronteira com o Gâmbia?Senegal
50%
Em que península de encontra a Albânia?Balcãs
38%
Qual empresa de luxo francesa compartilha seu nome com o deus mensageiro grego?Hermès
31%
Qual é a capital da Namíbia?Windhoek
31%
Qual bairro de Londres abriga o Observatório Real?Greenwich
25%
Que país tem como capital Maseru?Lesoto
19%
Quem interpretou a personagem Gabriella no filme High School Musical?Vanessa Hudgens
13%

Distribuição das Pontuações

Percentil de Números Respondidos

Porcentagem de Pessoas com Cada Pontuação

Sua Pontuação Histórica

Você não jogou esse quiz